| 000 | 00482cam a2200181ua 4500 | ||
|---|---|---|---|
| 020 | _cRs 5.00 | ||
| 041 |
_amal _h |
||
| 082 |
_a894.812 09 _bNAR/KE |
||
| 100 | _aNarayana Panicker, R . | ||
| 245 |
_aKerala bhasha sahitya charitram, Part 4 / _cR Narayana Panicker. _hTextual Documents |
||
| 250 |
_a1 / _b. |
||
| 260 |
_aThiruvananthapuram : _bV V Book Depot , _c1944. |
||
| 300 | _a540 ; . | ||
| 365 | _aRs 5.00 | ||
| 504 | _a | ||
| 942 | _cBK | ||
| 999 |
_c4139 _d4139 |
||